000 00562pam a2200205 a 4500
001 4260612
005 20260429073236.0
008 841016s1985 nyua b 001 0 eng
010 _a 84024673
020 _a0716717018
082 0 0 _a327 RUS
100 1 _aRussett, Bruce M.
245 1 0 _aWorld politics :
_bthe menu for choice /
_cBruce Russett, Harvey Starr.
250 _a2nd ed.
260 _aNew York :
_bW.H. Freeman,
_cc1985.
300 _axiv, 617 p. :
_bill. ;
_c24 cm.
365 _bRs.50
650 0 _aInternational relations.
942 _2ddc
_cBK
999 _c6680
_d6680